000 00498nam a2200157Ia 4500
008 210716s2007 xx 000 0 und d
020 _a9788184893977
041 _aeng
082 _a004.6005 BREK
100 _aBreitman, K K;Casanova, M A;Truszkowski, W.
245 _aSemantic web: concepts technologies and applications.
_bConcepts technologies and applications.
250 _a1
260 _aNew Delhi
_bSpringer
_c2007
300 _axiv,327/2015
650 _aInformation Storage & Retrieval
999 _c194597
_d194597